Record of America : (Record no. 7488)
[ view plain ]
| 000 -LEADER | |
|---|---|
| fixed length control field | 01100cam a2200301 i 4500 |
| 001 - CONTROL NUMBER | |
| JCCL Control Number | 7488 |
| 003 - CONTROL NUMBER IDENTIFIER | |
| JCCL marc code | BD-JhCC |
| 005 - DATE AND TIME OF LATEST TRANSACTION | |
| control field | 20180401103259.0 |
| 008 - FIXED-LENGTH DATA ELEMENTS--GENERAL INFORMATION | |
| fixed length control field | 750224s1974 nyua j be 000 0ceng |
| 020 ## - INTERNATIONAL STANDARD BOOK NUMBER | |
| International Standard Book Number | 068413862X |
| 035 ## - SYSTEM CONTROL NUMBER | |
| system control number | (BD-JhCC)7488 |
| 040 ## - CATALOGING SOURCE | |
| Original cataloging agency | DLC |
| Transcribing agency | DLC |
| Modifying agency | DLC |
| -- | BD-JhCC |
| 041 ## - LANGUAGE CODE | |
| Language code of Book | eng |
| 050 00 - LIBRARY OF CONGRESS CALL NUMBER | |
| Classification number | E174 |
| Item number | .M2 |
| 082 00 - DEWEY DECIMAL CLASSIFICATION NUMBER | |
| Classification number | 973/.03 |
| Author mark and Year | MCC 1974 |
| 100 1# - MAIN ENTRY--PERSONAL NAME | |
| Personal name | McCarthy, Joseph F. X. |
| 245 10 - TITLE STATEMENT | |
| Title | Record of America : |
| Remainder of title | a reference history of the United States / |
| Statement of responsibility, etc | Joseph F. X. McCarthy. |
| 260 ## - PUBLICATION, DISTRIBUTION, ETC. (IMPRINT) | |
| Place of publication, distribution, etc | New York : |
| Name of publisher, distributor, etc | Scribner, |
| Date of publication, distribution, etc | c1974. |
| 300 ## - PHYSICAL DESCRIPTION | |
| Pagination | 10 v. : |
| Other physical details | ill. ; |
| Dimensions | 29 cm. |
| 504 ## - BIBLIOGRAPHY, ETC. NOTE | |
| Bibliography, etc | Includes bibliographical references. |
| 520 ## - SUMMARY, ETC. | |
| Summary, etc | Includes alphabetically arranged articles on important events and people in United States history and contemporary documents and illustrations pertinent to each topic. |
| 651 #0 - SUBJECT ADDED ENTRY--GEOGRAPHIC NAME | |
| Geographic name | United States |
| General subdivision | History |
| -- | Encyclopedias, Juvenile. |
| 651 #0 - SUBJECT ADDED ENTRY--GEOGRAPHIC NAME | |
| Geographic name | United States |
| General subdivision | Biography |
| -- | Juvenile literature. |
| 651 #1 - SUBJECT ADDED ENTRY--GEOGRAPHIC NAME | |
| Geographic name | United States |
| General subdivision | History |
| -- | Encyclopedias. |
| 651 #1 - SUBJECT ADDED ENTRY--GEOGRAPHIC NAME | |
| Geographic name | United States |
| General subdivision | Biography |
| -- | Encyclopedias. |
| 942 ## - ADDED ENTRY ELEMENTS (KOHA) | |
| Source of classification or shelving scheme | Dewey Decimal Classification |
| Koha item type | Books |
| Source of classification or shelving scheme | volume number | Damaged status | Not for loan | Home library | Current library | Shelving location | Total Checkouts | Full call number | Barcode | Date last seen | Copy number | Koha item type | Date of accession |
|---|---|---|---|---|---|---|---|---|---|---|---|---|---|
| Dewey Decimal Classification | V - 9 | JCC Rouf Library | JCC Rouf Library | General Stacks | 973/.03 MCC 1974 | 10090 | 02/10/2018 | C - 1 | Books | ||||
| Dewey Decimal Classification | V - 6 | JCC Rouf Library | JCC Rouf Library | General Stacks | 973/.03 MCC 1974 | 10089 | 02/10/2018 | C - 2 | Books | ||||
| Dewey Decimal Classification | V -4 | JCC Rouf Library | JCC Rouf Library | General Stacks | 973/.03 MCC 1974 | 10088 | 02/10/2018 | C - 3 | Books | ||||
| Dewey Decimal Classification | V - 2 | JCC Rouf Library | JCC Rouf Library | General Stacks | 973/.03 MCC 1974 | 10087 | 02/10/2018 | C - 4 | Books | ||||
| Dewey Decimal Classification | V - 1 | JCC Rouf Library | JCC Rouf Library | General Stacks | 973/.03 MCC 1974 | 10086 | 02/10/2018 | C - 5 | Books | ||||
| Dewey Decimal Classification | V-5 | JCC Rouf Library | JCC Rouf Library | General Stacks | 973/.03 MCC 1974 | 10701 | 02/20/2018 | C-6 | Books | 02/20/2018 | |||
| Dewey Decimal Classification | V-7 | JCC Rouf Library | JCC Rouf Library | General Stacks | 973/.03 MCC 1974 | 10702 | 02/20/2018 | C-7 | Books | 02/20/2018 | |||
| Dewey Decimal Classification | V-8 | JCC Rouf Library | JCC Rouf Library | General Stacks | 973/.03 MCC 1974 | 10703 | 02/20/2018 | C-8 | Books | 02/20/2018 | |||
| Dewey Decimal Classification | V-10 | JCC Rouf Library | JCC Rouf Library | General Stacks | 973/.03 MCC 1974 | 13262 | 03/28/2018 | C-10 | Books | 03/28/2018 | |||
| Dewey Decimal Classification | JCC Rouf Library | JCC Rouf Library | General Stacks | 973/.03 MCC 1974 | 13327 | 04/01/2018 | C - 11 | Books | 04/01/2018 |